000 00609nam a2200157 a 4500
001 000029620
005 20200930055701.0
008 110419s19uu dr a 000 0 spa d
040 _aDO-SdBNP
_bspa
_cBNPHU
041 1 7 _aspa
_2eng
245 0 0 _aCommunist puppets in the caribbean :
_bCastro and others "democrats" = Marionetas comunistas en el Caribe :Castro y otros demócratas.
246 1 4 _aMarionetas comunistas en el Caribe :
_bCastro y otros demócratas
260 _aCiudad Trujillo, República Dominicana :
_bEditora del Caribe,
_c[195?].
300 _a25 h. de láms. :
_bil. ;
_c28 cm.
049 _aBNPD
999 _c29112
_d29112